[Event "EU-chT Railways USIC"]
[Site "Dresden"]
[Date "2000.06.24"]
[Round "7.5"]
[White "Brans, Tom"]
[Black "Acunzo, Domenico"]
[Result "1/2-1/2"]
[WhiteElo "1760"]
[BlackElo "1572"]
[PlyCount "99"]
[EventDate "2000.06.19"]
[EventType "team-swiss"]
[EventRounds "7"]
[EventCountry "GER"]
[SourceTitle "EXT 2002"]
[Source "ChessBase"]
[SourceDate "2001.11.25"]
[SourceVersion "1"]
[SourceVersionDate "2001.11.25"]
[SourceQuality "1"]
[WhiteTeam "Netherlands (USIC)"]
[BlackTeam "Italy (USIC)"]
[WhiteTeamCountry "NED"]
[BlackTeamCountry "ITA"]

1. e4 e6 2. d4 d5 3. e5 c5 4. Nf3 Nc6 5. c3 Qb6 6. a3 c4 7. Be2 Bd7 8. a4 Na5 9. Nbd2 Ne7 10. 0-0 Nec6 11. Ne1 Be7 12. Nc2 0-0-0 13. Na3 a6 14. Kh1 Kb8 15. f4 g6 16. Nf3 h6 17. Qc2 Nb3 18. Ra2 Nca5 19. Nb1 Rc8 20. Be3 Qd8 21. Nbd2 Qe8 22. Qb1 Bxa4 23. Bd1 Bb5 24. Bc2 Nxd2 25. Nxd2 Nc6 26. Qd1 Qd8 27. Rf3 Qc7 28. Nb1 Na7 29. Ra1 Qc6 30. Rf2 Rc7 31. Bd2 h5 32. g4 hxg4 33. Qxg4 Rcc8 34. Bc1 Rh4 35. Qg3 Rch8 36. Nd2 R4h7 37. Nf3 Bh4 38. Nxh4 Rxh4 39. Bd2 Qe8 40. Kg1 Nc8 41. Rg2 Ne7 42. Be1 Nf5 43. Bxf5 gxf5 44. Qf3 R4h7 45. Bg3 Ba4 46. Qe2 Bb3 47. Qd2 Qc6 48. Qe3 Qe8 49. Qd2 Rh5 50. Qe3 1/2-1/2

[Event "EU-chT Railways USIC"]
[Site "Dresden"]
[Date "2000.06.20"]
[Round "1.5"]
[White "Brans, Tom"]
[Black "Nikolic, Milenko"]
[Result "0-1"]
[WhiteElo "1760"]
[BlackElo "2100"]
[PlyCount "42"]
[EventDate "2000.06.19"]
[EventType "team-swiss"]
[EventRounds "7"]
[EventCountry "GER"]
[SourceTitle "EXT 2002"]
[Source "ChessBase"]
[SourceDate "2001.11.25"]
[SourceVersion "1"]
[SourceVersionDate "2001.11.25"]
[SourceQuality "1"]
[WhiteTeam "Netherlands (USIC)"]
[BlackTeam "Croatia (USIC)"]
[WhiteTeamCountry "NED"]
[BlackTeamCountry "CRO"]

1. e4 e6 2. d4 d5 3. e5 c5 4. Nf3 Nc6 5. Bb5 Qb6 6. Nc3 Bd7 7. Bxc6 bxc6 8. dxc5 Bxc5 9. 0-0 Qc7 10. Na4 Bb6 11. b4 Ne7 12. c3 0-0 13. c4 c5 14. bxc5 Bxa4 15. Qxa4 Bxc5 16. cxd5 Nxd5 17. Bd2 Rfc8 18. Kh1 Rab8 19. Qg4 Ne7 20. Ng5 Nf5 21. f4 Rd8 0-1